Skullgirls Mobile every character variant - Statistics

General Stats
  • This quiz has been taken 23 times
  • The average score is 70 of 275
Answer Stats
Hint Answer % Correct
Annie Annie
88%
Diamond Fire Beast King
56%
Gold Fire Harlequin
56%
Diamond Water Model Leader
56%
Gold Dark Wulfsbane
56%
Beowulf Beowulf
50%
Big Band Big Band
50%
Black Dahlia Black Dahlia
50%
Gold Water Brain Freeze
50%
Cerebella Cerebella
50%
Diamond Fire Fire Branded
50%
Gold Wind G.I. Jazz
50%
Silver Fire Number One
50%
Diamond Light Ogre Achiever
50%
Gold Fire Private Di
50%
Diamond Fire Altar Ego
44%
Bronze Wind Bassline
44%
Silver Light Big Top
44%
Gold Light Blitz and Glamour
44%
Gold Dark Bloodbath
44%
Bronze Water Cold Stones
44%
Double Double
44%
Eliza Eliza
44%
Gold Light Epic Sax
44%
Gold Water Freedom Fighter
44%
Silver Dark Gray Matter
44%
Diamond Fire Heavy Handed
44%
Gold Water Lapis Luxury
44%
Diamond Normal Mekastar
44%
Silver Water Myst Match
44%
Silver Dark Ninja Star
44%
Gold Wind Pickle Baller
44%
Gold Normal Rainbow Blight
44%
Silver Dark Resonant Evil
44%
Silver Water Robocopy
44%
Diamond Wind Snake Bite
44%
Silver Wind Toad Warrior
44%
Bronze Dark Underdog
44%
Bronze Water Understudy
44%
Gold Light Weekend Warrior
44%
Gold Dark Xenomorph
44%
Gold Wind Armed Forces
38%
Bronze Dark Bad Hair Day
38%
Silver Water Bad Ms Frosty
38%
Gold Fire Cosmic Rebel
38%
Gold Dark Criminal Mind
38%
Diamond Dark Dark Might
38%
Diamond Fire Djinn Frizz
38%
Diamond Normal Don Passione
38%
Gold Fire Dragon Brawler
38%
Filia Filia
38%
Fukua Fukua
38%
Diamond Water Heavy Metal
38%
Bronze Water In Denile
38%
Diamond Light Jawbreaker
38%
Gold Water Materia Girl
38%
Bronze Wind Nunsense
38%
Gold Fire Psycommander
38%
Gold Dark Scare Giver
38%
Diamond Wind Shear Force
38%
Bronze Fire Solar Flair
38%
Diamond Light Star Shine
38%
Silver Water Temple Tyrant
38%
Gold Wind Timeless Hero
38%
Silver Light Treble Maker
38%
Silver Light Triple Threat
38%
Gold Water Wave Warrior
38%
Gold Wind Windswept
38%
Gold Light Ageless Wonder
31%
Diamond Normal Bombshell
31%
Diamond Wind Creature of Habit
31%
Gold Dark Dark Horse
31%
Bronze Dark Decrypted
31%
Gold Light Diva Intervention
31%
Gold Wind Evergreen Evil
31%
Gold Fire Firefly
31%
Silver Wind Galactic Glamour
31%
Diamond Dark Heart of Darkness
31%
Silver Wind Hype Man
31%
Gold Normal Inner Pieces
31%
Diamond Dark Locked In
31%
Gold Dark Moonstruck
31%
Gold Fire Red Rider
31%
Silver Fire Scarlet Viper
31%
Diamond Wind Stand Out
31%
Bronze Wind Star Child
31%
Gold Light That’s all Folks!
31%
Gold Fire Thrill Shrieker
31%
Bronze Dark Trigger Happy
31%
Gold Dark Unfazed
31%
Diamond Dark Unholy Host
31%
Diamond Wind Wind Stalker
31%
Silver Light Wrestler X
31%
Diamond Wind X Bot
31%
Diamond Light Assassin’s Greed
25%
Gold Dark Bio Exorcist
25%
Gold Wind Buzzkill
25%
Silver Wind Chameleon Twist
25%
Gold Dark Chaos Theory
25%
Diamond Dark Class Cutter
25%
Gold Water Corrosive Agent
25%
Gold Water Dead of Winter
25%
Gold Normal Demon Artist
25%
Gold Light Dread Locks
25%
Diamond Light Dream Band
25%
Diamond Wind Fly Trap
25%
Diamond Dark Foot Soldier
25%
Bronze Fire Frayed Ends
25%
Diamond Water Freeze Frame
25%
Gold Light Furmidable
25%
Diamond Fire Fur Monger
25%
Diamond Fire Furry Fury
25%
Bronze Light Golden Gunner
25%
Gold Light Gravedigger
25%
Gold Wind Gust Buster
25%
Diamond Light Hex Caliber
25%
Bronze Fire Infernal Twin
25%
Marie Marie
25%
Gold Fire Mean One
25%
Diamond Water Megalomaniac
25%
Gold Dark Megasonic
25%
Ms. Fortune Ms. Fortune
25%
Diamond Dark Neuromancer
25%
Gold Water Octoplasm
25%
Diamond Normal Overclocked
25%
Painwheel Painwheel
25%
Parasoul Parasoul
25%
Peacock Peacock
25%
Gold Light Persona Assistant
25%
Diamond Water Plot Twisted
25%
Gold Wind Poltergust
25%
Gold Light Psykid
25%
Silver Dark Purrfect Dark
25%
Gold Fire Red Velvet
25%
Gold Water Regally Blonde
25%
Diamond Fire Risky Ginger
25%
Robo Fortune Robo Fortune
25%
Bronze Wind Rough Copy
25%
Bronze Light Rusty
25%
Gold Water Silent Kill
25%
Squigly Squigly
25%
Diamond Light Summer Salt
25%
Gold Wind Surgeon General
25%
Diamond Dark Tres Chic
25%
Gold Dark Ultra Violent
25%
Umbrella Umbrella
25%
Gold Water Untouchable
25%
Valentine Valentine
25%
Silver Fire Vintage Virtuoso
25%
Silver Darl Wild Child
25%
Bronze Dark Bare Bones
19%
Bronze Fire Beat Box
19%
Gold Water Biting Cold
19%
Gold Water Blue Screen
19%
Diamond Water Blue Streak
19%
Diamond Dark Brass Bandit
19%
Gold Wind Buffer Zone
19%
Silver Wind Candy Crusher
19%
Gold Wind Claw and Order
19%
Gold Water Curl Scout
19%
Silver Wind Dame Slayer
19%
Diamond Fire Deal Breaker
19%
Diamond Dark Death Wish
19%
Diamond Light Dream Catcher
19%
Diamond Fire Dream Demon
19%
Diamond Normal Eager Deceiver
19%
Gold Dark Final Fang
19%
Silver Dark Freaky Friday
19%
Diamond Water Glacial Ghoul
19%
Gold Wind Grin Reaper
19%
Silver Wind Hair Apparent
19%
Gold Fire Head Hunter
19%
Diamond Dark Heartless
19%
Bronze Fire Hellcat
19%
Gold Water Idol Threat
19%
Gold Fire Immoral Fiber
19%
Gold Fire Indomitable
19%
Silver Wind Ivy League
19%
Bronze Water Just Kitten
19%
Silver Light Kill Joy
19%
Diamond Dark Love Crafted
19%
Bronze Light M 3ow
19%
Silver Light Maid of Honor
19%
Gold Wind Martial Outlaw
19%
Diamond Light Masked Menace
19%
Gold Light Meow and Furever
19%
Silver Wind Ms. Trial
19%
Diamond Light Mummy Dearest
19%
Diamond Normal Near Death
19%
Silver Light Necrobreaker
19%
Gold Light Noble Mogul
19%
Gold Dark Number Cruncher
19%
Gold Fire Parasite Weave
19%
Gold Dark Primed
19%
Gold Light Princess Pride
19%
Silver Normal Prism Plumage
19%
Silver Dark Purrminator
19%
Diamond Water Reimaged
19%
Gold Wind Rhythm Rider
19%
Silver Light Rock Star
19%
Bronze Light Salty
19%
Bronze Wind Scrub
19%
Diamond Fire Seraph Soldier
19%
Silver Wind Snake Charmer
19%
Silver Light Soul Crusher
19%
Gold Light Spell Bent
19%
Bronze Dark Stage Fright
19%
Gold Wind Star Crossed
19%
Diamond Water Star Sprangled
19%
Bronze Water Sundae School
19%
Gold Dark Terror Byte
19%
Gold Fire Time Thief
19%
Silver Dark Tomb and Gloom
19%
Gold Wind Vaporwave Vixen
19%
Diamond Water Web Crawler
19%
Diamond Water Wetwork
19%
Gold Fire Wunderkind
19%
Diamond Normal Apex Complex
13%
Silver Fire Blood Drive
13%
Silver Wind Bloody Valentine
13%
Silver Water Blue Bomber
13%
Silver Fire Dead Heat
13%
Silver Light Fan Favourite
13%
Silver Light Feline Lucky
13%
Bronze Wind Fresh Heir
13%
Silver Wind Gang Green
13%
Diamond Wind Grave Danger
13%
Silver Dark Graveyard Shift
13%
Gold Light Grim Fan
13%
Gold Water Hack n Splash
13%
Bronze Light Headstrong
13%
Gold Fire Hell’s Belle
13%
Gold Light High Ruler
13%
Silver Dark Inkling
13%
Gold Light Last Hope
13%
Silver Water Lethal Weapon
13%
Bronze Fire Moody Magus
13%
Silver Light Nearly Departed
13%
Silver Water No Egrets
13%
Silver Fire Oh Mai
13%
Silver Wind Pea Shooter
13%
Gold Light Phantom Threads
13%
Silver Fire Phantom Wrangler
13%
Gold Wind Primal Prodigy
13%
Bronze Wind Prototype
13%
Silver Water Puddle Pirate
13%
Gold Fire Pyro Technique
13%
Bronze Fire Rerun
13%
Silver Fire Rose Tinted
13%
Diamond Shadow Puppet
13%
Bronze Fire Sheltered
13%
Bronze Wind Sketchy
13%
Silver Fire Souls Sister
13%
Gold Dark Space Case
13%
Diamond Light Splitting Image
13%
Bronze Water Twisted Mettle
13%
Silver Light Doublicius
6%
Bronze Wind Heavy Reign
6%
Bronze Water Icey Hot
6%
Gold Dark Night Terror
6%
Silver Fire Nyanotech
6%
Gold Wind Palace Plunderer
6%
Silver Water Rain Shadow
6%
Gold Dark Rogue Agent
6%
Bronze Light Scared Stiff
6%
Silver Dark Shadow Ops
6%
Diamond Normal Starlight Rose
6%
Gold Dark Stellar Huntress
6%
Gold Water Tidal Traveler
6%
Silver Wind Vector Protector
6%
Silver Fire Wildcard
6%
Gold Water Feathered Edges
0%
Silver Water Rage Appropriate
0%
Diamond Light Raining Champ
0%
Gold Dark Raw Nerv
0%
No matching quizzes found
Score Distribution
Percent of People with Each Score
Percentile by Number Answered
Your Score History
You have not taken this quiz